Statistics for Title in the Lyrics -- Songs That Start With C #2

Click here to take the quiz!

General Stats

  • This quiz has been taken 103 times
  • The average score is 6 of 15

Answer Stats

Lyrics Title % Correct
I wish they all could be California / I wish they all could be California / I wish they all could be __________ _____California Girls
69%
Lately I been, I been losing sleep / Dreaming about the things that we could be / But baby, I been, I been prayin' hard / Said no more counting dollars / We'll be ________ _____Counting Stars
67%
I'm gonna swing from the __________, from the __________ / I'm gonna live like tomorrow doesn't existChandelier
65%
I wish I was special / You're so very special / But I'm a _____Creep
63%
____ __ ___ ___, as you were / As I want you to be / As a friend, as a friend / As an old enemyCome As You Are
50%
All the leaves are brown and the sky is gray / I've been for a walk on a winter's day / I'd be safe and warm if I was in LA / __________ ________ on such a winter's dayCalifornia Dreamin'
50%
When you're ready ____ ___ ___ __ / (Na na na na, na na na na, na na na na)Come and Get It
44%
All eyes on me in the center of the ring just like a ______ / When I crack that whip, everybody gon' trip just like a ______Circus
40%
Some legends are told / Some turn to dust or to gold / But you will remember me / Remember me for _________Centuries
38%
Got to be good looking / 'Cause he's so hard to see / ____ ________, right now / Over meCome Together
37%
The world I love / The tears I drop / To be part of / The wave _____ ____ / Ever wonder if it's all for youCan't Stop
24%
Now I've got that feeling once again / I can't explain, you would not understand / This is not how I am / I have become ___________ ____Comfortably Numb
19%
____ __ ______ / Oh, I swear (what he means) / At this moment, you mean everythingCome On Eileen
17%
_______ ____, shake it for me / Girl, shake it for me, girl, shake it for meCountry Girl
12%
Got a condo on my wrist - girl, I'm _______ ___ (I'm _______ ___ ) / Got a condo around my neck - girl, I'm _______ ___ (I'm _______ ___ )Cashin' Out
2%

Score Distribution

Percentile by Number Answered

Percent of People with Each Score

Your Score History

You have not taken this quiz